000 00886cam a22002891 4500
001 21685
003 BD-RjUL
005 20211209000721.0
008 140305s1953 enkab b 001 0 eng
035 _a(BD-RjUL)21750
035 _a(OCoLC)505665
040 _aDLC
_cOClW
_dOCoLC
_dDLC
_dBD-RjUL
_beng
041 _aeng
082 0 0 _a914.3
_bDIG 1953
100 1 _aDickinson, Robert Eric,
_d1905-
_949849
245 1 0 _aGermany :
_ba general and regional geography /
_c Robert Eric Dickinson.
250 _a[1st ed.]
260 _aLondon :
_bMethuen,
_c1953.
300 _axx, 700 p. :
_billus., maps. ;
_c23 cm.
490 0 _a[Dutton advanced geographies]
504 _aBibliography: p. 666-685 and index.
650 0 _aPhysical geography
_zGermany.
_966972
651 0 _aGermany
_xDescription and travel.
_966973
942 _2ddc
_cBK
999 _c21685
_d21685